| 000 | 00956nam a2200301 a 4500 | ||
|---|---|---|---|
| 001 | 000011534 | ||
| 003 | DO-SdBNP | ||
| 005 | 20171023140106.0 | ||
| 007 | 000011534 | ||
| 008 | 091020t1998 mx 000 f spa d | ||
| 020 | _a9681903374 | ||
| 040 |
_aBPMSU _bspa _cBPMSU |
||
| 092 |
_aRD863.44 _bA473y, 1998 |
||
| 100 | 1 |
_aÁlvarez, Julia _d1950- |
|
| 245 | 1 | 0 |
_aYo! / _cJulia Álvarez ; cuidado de edición Alicia Ramos ; traduccción de Dolores Prida. |
| 260 |
_aMéxico : _bAlfaguara, _c1998. |
||
| 300 |
_a350 p. ; _c22 cm. |
||
| 650 | 4 | _aNOVELA DOMINICANA | |
| 650 | 4 | _aLITERATURA DOMINICANA | |
| 700 | 1 |
_aRamos, Alicia, _eed. |
|
| 700 | 1 |
_aPrida, Dolores, _etr. |
|
| 910 | _aValidado. Control de calidad EMS | ||
| 942 |
_2ddc _cBK |
||
| 945 | _aTítulo remanejado para la BNPHU / 2017 VM | ||
| 956 |
_aBTAVAREZ _b10 _c20091104 _lBND01 _h1609 |
||
| 956 |
_aDGARCIA _b10 _c20100220 _lBND01 _h1214 |
||
| 956 |
_aEMARRERO _b40 _c20110407 _lBND01 _h0906 |
||
| 999 |
_c8738 _d8738 |
||